Cuando florecen las lilas / (Registro nro. 5130)
[ vista simple ]
| 000 -CABECERA | |
|---|---|
| campo de control de longitud fija | 00619nam a22001937a 4500 |
| 003 - IDENTIFICADOR DEL NÚMERO DE CONTROL | |
| campo de control | DO-SdBJH |
| 005 - FECHA Y HORA DE LA ÚLTIMA TRANSACCIÓN | |
| campo de control | 20190117144732.0 |
| 008 - DATOS DE LONGITUD FIJA--INFORMACIÓN GENERAL | |
| campo de control de longitud fija | 190117b ||||| |||| 00| 0 spa d |
| 020 ## - NÚMERO INTERNACIONAL ESTÁNDAR DEL LIBRO | |
| Número Internacional Estándar del Libro | 9789993445265 |
| 040 ## - FUENTE DE LA CATALOGACIÓN | |
| Centro catalogador/agencia de origen | DO-SdBJH |
| Lengua de catalogación | spa |
| Centro/agencia transcriptor | DO-SdBJH |
| 082 ## - NÚMERO DE LA CLASIFICACIÓN DECIMAL DEWEY | |
| Número de clasificación | RD 809.17293 O77c 2018 |
| 100 ## - ENTRADA PRINCIPAL--NOMBRE DE PERSONA | |
| Autor Personal | Ortiz Monagas, María Cristina |
| Rol del Autor | autor |
| 245 ## - MENCIÓN DE TÍTULO | |
| Título | Cuando florecen las lilas / |
| Mención de responsabilidad, etc. | María Cristina Ortiz Monagas |
| 260 ## - PUBLICACIÓN, DISTRIBUCIÓN, ETC. | |
| Lugar de publicación, distribución, etc. | Santo Domingo : |
| Nombre del editor, distribuidor, etc. | Editorial Surco, |
| Fecha de publicación, distribución, etc. | 2018 |
| 300 ## - DESCRIPCIÓN FÍSICA | |
| Extensión | 111 páginas |
| 504 ## - NOTA DE BIBLIOGRAFÍA, ETC. | |
| Nota de bibliografía, etc. | Incluye referencias bibliográficas e indice |
| 650 ## - PUNTO DE ACCESO ADICIONAL DE MATERIA--TÉRMINO DE MATERIA | |
| Término de materia o nombre geográfico como elemento de entrada | Poesía -- República Dominicana |
| 942 ## - ELEMENTOS DE PUNTO DE ACCESO ADICIONAL (KOHA) | |
| Fuente del sistema de clasificación o colocación | Dewey Decimal Classification |
| Tipo de ítem Koha | Libros |
| Catalogador | Elizabeth Figueroa |
| Estado de retiro | Estado de pérdida | Fuente del sistema de clasificación o colocación | Estado dañado | No para préstamo | Código de colección | Localización permanente | Ubicación/localización actual | Ubicación en estantería | Fecha de adquisición | Número de inventario | Total de préstamos | Signatura topográfica completa | Código de barras | Fecha visto por última vez | Número de copia | Precio válido a partir de | Tipo de ítem Koha |
|---|---|---|---|---|---|---|---|---|---|---|---|---|---|---|---|---|---|
| Dewey Decimal Classification | Colección Dominicana | SIBM UNADE - Biblioteca Sede Central | SIBM UNADE - Biblioteca Sede Central | Audio Visual | 01/17/2019 | 19-02205 | RD 809.17293 O77c 2018 | 19-02205 | 01/17/2019 | e.1 | 01/17/2019 | Libros | |||||
| Dewey Decimal Classification | Colección Dominicana | SIBM UNADE - Biblioteca Sede Central | SIBM UNADE - Biblioteca Sede Central | Audio Visual | 01/17/2019 | 19-02206 | RD 809.17293 O77c 2018 | 19-02206 | 01/17/2019 | e.2 | 01/17/2019 | Libros | |||||
| Dewey Decimal Classification | Colección Dominicana | SIBM UNADE - Biblioteca Sede Central | SIBM UNADE - Biblioteca Sede Central | Audio Visual | 01/17/2019 | 19-02207 | RD 809.17293 O77c 2018 | 19-02207 | 01/17/2019 | e.3 | 01/17/2019 | Libros | |||||
| Dewey Decimal Classification | Colección Dominicana | SIBM UNADE - Biblioteca Sede Central | SIBM UNADE - Biblioteca Sede Central | Audio Visual | 01/17/2019 | 19-02208 | RD 809.17293 O77c 2018 | 19-02208 | 01/17/2019 | e.4 | 01/17/2019 | Libros | |||||
| Dewey Decimal Classification | Colección Dominicana | SIBM UNADE - Biblioteca Sede Central | SIBM UNADE - Biblioteca Sede Central | Audio Visual | 01/17/2019 | 19-02209 | RD 809.17293 O77c 2018 | 19-02209 | 01/17/2019 | e.5 | 01/17/2019 | Libros |
